V malém podnikání vedou ženy

Súkromné podnikateľky - najdynamickejšia súčasť americkej ekonomiky. Príčiny tejto vlny: ženy zakladajú malé podniky s dvojnásobnou rýchlosťou ako muži, vlastnia malé obchody alebo podniky služieb, k čomu nepotrebujú veľký kapitál, väčšiu starostlivosť venujú zamestnancom, poskytujú kľudnejšie zames...

Ausführliche Beschreibung

Gespeichert in:
Bibliographische Detailangaben
Format: Buchkapitel
Sprache:Tschechisch
Schlagworte:
Tags: Tag hinzufügen
Keine Tags, Fügen Sie das erste Tag hinzu!

MARC

LEADER 00000naa a2200000 4500
001 r015495
005 20221213082617.5
041 0 |a cze 
044 |a CZ 
245 1 0 |a V malém podnikání vedou ženy 
520 |a Súkromné podnikateľky - najdynamickejšia súčasť americkej ekonomiky. Príčiny tejto vlny: ženy zakladajú malé podniky s dvojnásobnou rýchlosťou ako muži, vlastnia malé obchody alebo podniky služieb, k čomu nepotrebujú veľký kapitál, väčšiu starostlivosť venujú zamestnancom, poskytujú kľudnejšie zamestnanie, podniky vedené ženami rastú pomalšie, ale sú stabilnejšie. 
610 2 0 |a podnikanie 
610 2 0 |a podnik malý 
610 2 0 |a ženy 
610 2 0 |a USA